| 000 | 00473nam a2200193Ia 4500 | ||
|---|---|---|---|
| 003 | 0100 | ||
| 008 | 130303s9999 xx 000 0 und d | ||
| 040 | _cARRUPELIB | ||
| 050 | _aBT481.E881970 | ||
| 100 | _aEvans, C.F | ||
| 245 | _aResurrection and the New Testament | ||
| 260 | _aNaperville, Illinois | ||
| 260 | _bAlec R. Allenson Inc | ||
| 260 | _C1970 | ||
| 300 | _a190p | ||
| 650 | _bExplorer--Africa | ||
| 650 | _cAfrica--Description and travel | ||
| 942 | 0 | 0 | _02 |
| 999 |
_c34011 _d34011 |
||